| 000 | 00510nam a2200181 i 4500 | ||
|---|---|---|---|
| 001 | 147028 | ||
| 003 | ES-MaACL | ||
| 005 | 20230906201755.0 | ||
| 007 | t| | ||
| 008 | 070920s1976 sp ||||1| spa d | ||
| 080 | _a347.65(37) | ||
| 100 | 1 |
_aTuriel de Castro, Gerardo. _9111706 |
|
| 245 | 1 | 0 |
_aDe causa curiana / _cGerardo Curiel de Castro. |
| 260 |
_aSalamanca : _bVarona, _c[1976] |
||
| 300 |
_a178 p. ; _c22 cm. |
||
| 650 | 1 | 4 |
_aSucesiones (Derecho Romano) _917245 |
| 852 |
_aES-MaACL _jA-7968 _bR.97147 |
||
| 999 |
_c147028 _d147028 |
||